000
00260nam a2200109Ia 4500
008
190216s9999||||xx |||||||||||||| ||und||
100
_a
Kaladi Gopinath
245
0
_a
Ezhu Rathrikal
260
_b
Poorna Pubs Kozhikode
650
_a
Malayalam Novel
942
_c
BK
999
_c
24277
_d
24277